Закономерности формирования микроструктуры в 3D-напечатанных изделиях, полученных методом электронно-лучевого плавления проволоки титанового сплава Ti-6Al-4V с добавлением порошковой смеси Ti+TiC; Перспективы развития фундаментальных наук; Т. 1 : Физика

Podrobná bibliografie
Parent link:Перспективы развития фундаментальных наук=Prospects of Fundamental Sciences Development: сборник научных трудов XVI Международной конференции студентов, аспирантов и молодых ученых, г. Томск, 23-26 апреля 2019 г./ Национальный исследовательский Томский политехнический университет (ТПУ) ; под ред. И. А. Курзиной, Г. А. Вороновой.— , 2019
Т. 1 : Физика.— 2019.— [С. 76-78]
Hlavní autor: Буйлук А. О.
Korporativní autor: Национальный исследовательский Томский политехнический университет Инженерная школа ядерных технологий Отделение экспериментальной физики
Další autoři: Панин А. В. Алексей Викторович (научный руководитель)
Shrnutí:Заглавие с экрана
Currently, 3D printing and additive technologies are receiving a lot of attention in research centers around the world. Since titanium is a chemically active metal, electron beam technologies seem to be the most promising for the development of technology for 3D surfacing of metals from titanium-based alloys. In this work, the microstructure and mechanical properties of samples obtained with simultaneous feeding of the wire of titanium alloy Ti-6Al-4V and powder mixture (Ti+TiC) in the process of 3D printing were investigated.
Jazyk:ruština
Vydáno: 2019
Témata:
On-line přístup:http://earchive.tpu.ru/handle/11683/55803
Médium: MixedMaterials Elektronický zdroj Kapitola
KOHA link:https://koha.lib.tpu.ru/cgi-bin/koha/opac-detail.pl?biblionumber=629659

MARC

LEADER 00000naa2a2200000 4500
001 629659
005 20231101133555.0
035 |a (RuTPU)RU\TPU\conf\30389 
035 |a RU\TPU\conf\30388 
090 |a 629659 
100 |a 20190904d2019 k y0rusy50 ca 
101 0 |a rus  |d eng 
102 |a RU 
105 |a y z 100zy 
135 |a drcn ---uucaa 
181 0 |a i  
182 0 |a b 
200 1 |a Закономерности формирования микроструктуры в 3D-напечатанных изделиях, полученных методом электронно-лучевого плавления проволоки титанового сплава Ti-6Al-4V с добавлением порошковой смеси Ti+TiC  |d Microstructure formation characteristic in 3D-printed products obtained by electron-beam melting of titanium alloy Ti-6Al-4V wire with addition of Ti+TiC powder composition  |f А. О. Буйлук  |g науч. рук. А. В. Панин 
203 |a Текст  |c электронный 
230 |a 1 компьютерный файл (pdf; 188 Kb) 
300 |a Заглавие с экрана 
320 |a [Библиогр.: с. 78 (2 назв.)] 
330 |a Currently, 3D printing and additive technologies are receiving a lot of attention in research centers around the world. Since titanium is a chemically active metal, electron beam technologies seem to be the most promising for the development of technology for 3D surfacing of metals from titanium-based alloys. In this work, the microstructure and mechanical properties of samples obtained with simultaneous feeding of the wire of titanium alloy Ti-6Al-4V and powder mixture (Ti+TiC) in the process of 3D printing were investigated. 
461 1 |0 (RuTPU)RU\TPU\conf\30347  |t Перспективы развития фундаментальных наук  |l Prospects of Fundamental Sciences Development  |o сборник научных трудов XVI Международной конференции студентов, аспирантов и молодых ученых, г. Томск, 23-26 апреля 2019 г.  |o в 7 т.  |f Национальный исследовательский Томский политехнический университет (ТПУ) ; под ред. И. А. Курзиной, Г. А. Вороновой  |d 2019 
463 1 |0 (RuTPU)RU\TPU\conf\30348  |t Т. 1 : Физика  |v [С. 76-78]  |d 2019 
510 1 |a Microstructure formation characteristic in 3D-printed products obtained by electron-beam melting of titanium alloy Ti-6Al-4V wire with addition of Ti+TiC powder composition  |z eng 
610 1 |a электронный ресурс 
610 1 |a труды учёных ТПУ 
610 1 |a формирование 
610 1 |a микроструктуры 
610 1 |a 3D-печать 
610 1 |a электронно-лучевое плавление 
610 1 |a проволока 
610 1 |a титановые сплавы 
610 1 |a порошковые смеси 
610 1 |a микротвердость 
700 1 |a Буйлук  |b А. О. 
702 1 |a Панин  |b А. В.  |c физик  |c профессор Томского политехнического университета, доктор физико-математических наук  |f 1971-  |g Алексей Викторович  |2 stltpush  |4 727 
712 0 2 |a Национальный исследовательский Томский политехнический университет  |b Инженерная школа ядерных технологий  |b Отделение экспериментальной физики  |h 7865  |2 stltpush  |3 (RuTPU)RU\TPU\col\23549 
801 2 |a RU  |b 63413507  |c 20190925  |g RCR 
856 4 |u http://earchive.tpu.ru/handle/11683/55803 
942 |c BK